| 000 | 00580cam a22002292a 4500 | ||
|---|---|---|---|
| 001 | 001054 | ||
| 003 | AR-FADEU | ||
| 008 | 311216n1984####xxu####################dd | ||
| 020 | _a968-419-492-7 | ||
| 092 |
_a320.11 _bB663or |
||
| 100 | _aBobbio, Norberto, coaut | ||
| 245 | _aOrigen y fundamentos del poder político | ||
| 250 | _a2a ed | ||
| 260 | _aMéxico | ||
| 260 | _bgrijalbo | ||
| 260 | _c1984 | ||
| 300 | _a135 p | ||
| 440 | _aEnlace | ||
| 500 | _aInv. 4067. Texto de sala | ||
| 650 | _aPODER-DERECHO; POLITICA-PODER; DERECHO-ILUSNATURALISMO | ||
| 942 | _cBDGR | ||
| 999 |
_c6893 _d6893 |
||